| 000 | 00472nam a2200157Ia 4500 | ||
|---|---|---|---|
| 999 |
_c2641 _d2641 |
||
| 008 | 200103s 1997 ||||xx |||||||||||||| ||und|| | ||
| 082 |
_a623.865 _bBHA |
||
| 110 | _aBhandarkar Publications | ||
| 245 | 0 | _aLife saving appliances rules (1982/1991): amendment rule 1992 included | |
| 260 |
_bBhandarkar Publications _c1997 _aMumbai |
||
| 300 | _aiv, 172 p. | ||
| 650 | _aClassification of ships | ||
| 650 | _aShips of class | ||
| 650 | _aMaster rules | ||
| 942 | _cBK | ||